Ładuje się......
Kausitaka grhyasutras with the Comm of Bhavatrata /
| Kolejni autorzy: | |
|---|---|
| Język: | Undetermined |
| Wydane: |
1944.
|
| Seria: | Madras University Sanskrit Series,15
|
| LEADER | 00457nam a2200133Ia 4500 | ||
|---|---|---|---|
| 001 | 71713 | ||
| 008 | 170722s9999 xx 000 0 und d | ||
| 245 | |a Kausitaka grhyasutras with the Comm of Bhavatrata / | ||
| 260 | |c 1944. | ||
| 490 | |a Madras University Sanskrit Series,15 | ||
| 700 | |a Chintamani |e translator. | ||
| 942 | |c GEN | ||
| 999 | |c 34067 |d 34067 | ||
| 952 | |0 0 |1 0 |4 0 |6 Q_11242_15H4 |7 0 |8 CR |9 44070 |a LIB |b LIB |d 2017-08-12 |h CR |o Q112:42 15H4 |p 23758 |r 2017-08-12 |w 2017-08-12 |y GEN | ||